Biblioteca y Centro de Documentación

Vista normal Vista MARC

Entrada Nombre corporativo

Número de registros utilizados en: 5

001 - NÚMERO DE CONTROL

  • Campo de control: 40322

003 - IDENTIFICADOR DE NÚMERO DE CONTROL

  • Campo de control: ES-MaCES

005 - FECHA Y HORA DE LA ULTIMA MODIFICACION

  • Campo de control: 20220505105117.0

008 - ELEMENTOS DE DATOS DE LONGITUD FIJA

  • Campo de longitud fija: 220505|| azz||aabn | a|a d

040 ## - FUENTE DE LA CATALOGACIÓN

  • Agencia original de catalogación: ES-MaCES

110 1# - ENCABEZAMIENTO--NOMBRE CORPORATIVO

  • Nombre corporativo o de jurisdicción como elemento de entrada: España
  • Unidad subordinada: Ministerio de Derechos Sociales y Agenda 2030

510 ## - TRAZADO VEÁSE ADEMÁS--NOMBRE CORPORATIVO

  • Nombre corporativo o jurisdicción como elemento de entrada: España
  • Unidad subordinada: Ministerio de Sanidad, Consumo y Bienestar Social
  • Subcampo de control: a

670 ## - FUENTE DE DATOS ENCONTRADOS

  • Fuente de citación: Wikipedia: creado por el presidente del Gobierno, Pedro Sánchez, en 2020 tras la integración en un solo departamento de las competencias sociales del Ministerio de Sanidad, Consumo y Bienestar Social y las que tenía la Presidencia del Gobierno sobre los Objetivos de Desarrollo Sostenible.
© CES, Consejo Económico y Social de España 2021